Tribhuvan University Central Library

Marketing.- (Record no. 84646)

MARC details
000 -LEADER
fixed length control field 00587nam a22002177a 4500
008 - FIXED-LENGTH DATA ELEMENTS--GENERAL INFORMATION
fixed length control field 190407b xxu||||| |||| 00| 0 eng d
020 ## - INTERNATIONAL STANDARD BOOK NUMBER
International Standard Book Number 978-0-07-786103-2
082 ## - DEWEY DECIMAL CLASSIFICATION NUMBER
Classification number 658.8
Item number K455m
100 ## - MAIN ENTRY--PERSONAL NAME
Personal name Kerin, Roger A.
245 ## - TITLE STATEMENT
Title Marketing.-
250 ## - EDITION STATEMENT
Edition statement 12th ed.-
260 ## - PUBLICATION, DISTRIBUTION, ETC.
Place of publication, distribution, etc. New York:
Name of publisher, distributor, etc. McGraw-Hill Education,
Date of publication, distribution, etc. 2015
300 ## - PHYSICAL DESCRIPTION
Other physical details xliv, 740p.; illus.
504 ## - BIBLIOGRAPHY, ETC. NOTE
Bibliography, etc. note Bibliography at the end of each chapter
650 ## - SUBJECT ADDED ENTRY--TOPICAL TERM
Topical term or geographic name entry element Marketing
650 ## - SUBJECT ADDED ENTRY--TOPICAL TERM
Topical term or geographic name entry element Market
650 ## - SUBJECT ADDED ENTRY--TOPICAL TERM
Topical term or geographic name entry element Marketing policy
9 (RLIN) 4212
700 ## - ADDED ENTRY--PERSONAL NAME
Personal name Hartley, Steven W.
700 ## - ADDED ENTRY--PERSONAL NAME
Personal name Rudelius, William
942 ## - ADDED ENTRY ELEMENTS (KOHA)
Source of classification or shelving scheme Dewey Decimal Classification
Koha item type General Collections
Holdings
Withdrawn status Lost status Source of classification or shelving scheme Damaged status Not for loan Home library Current library Shelving location Date acquired Total Checkouts Full call number Barcode Date last seen Price effective from Koha item type Date last checked out Total Renewals
    Dewey Decimal Classification     Tribhuvan University Central Library Tribhuvan University Central Library New Building 04/07/2019   658.8 K455m G81026 04/07/2019 04/07/2019 General Collections    
    Dewey Decimal Classification     Tribhuvan University Central Library Tribhuvan University Central Library New Building 04/07/2019   658.8 K455m G81027 04/07/2019 04/07/2019 General Collections    
    Dewey Decimal Classification     Tribhuvan University Central Library Tribhuvan University Central Library New Building 04/07/2019   658.8 K455m G81028 04/07/2019 04/07/2019 General Collections    
    Dewey Decimal Classification     Tribhuvan University Central Library Tribhuvan University Central Library New Building 04/07/2019   658.8 K455m G81029 04/07/2019 04/07/2019 General Collections    
    Dewey Decimal Classification     Tribhuvan University Central Library Tribhuvan University Central Library New Building 04/07/2019 1 658.8 K455m G81030 06/28/2024 04/07/2019 General Collections 06/06/2024  
    Dewey Decimal Classification     Tribhuvan University Central Library Tribhuvan University Central Library New Building 04/07/2019   658.8 K455m G81031 04/07/2019 04/07/2019 General Collections    
    Dewey Decimal Classification     Tribhuvan University Central Library Tribhuvan University Central Library New Building 04/07/2019 1 658.8 K455m G81032 01/16/2022 04/07/2019 General Collections 11/23/2021 2
    Dewey Decimal Classification     Tribhuvan University Central Library Tribhuvan University Central Library New Building 04/07/2019 1 658.8 K455m G81033 04/18/2024 04/07/2019 General Collections 04/02/2024  
    Dewey Decimal Classification     Tribhuvan University Central Library Tribhuvan University Central Library New Building 04/07/2019   658.8 K455m G81034 04/07/2019 04/07/2019 General Collections    
    Dewey Decimal Classification     Tribhuvan University Central Library Tribhuvan University Central Library New Building 04/07/2019   658.8 K455m G81035 04/07/2019 04/07/2019 General Collections